Văn hóa ẩm thực của người Êđê M'dhur ở Việt Nam Quyển 2
TM tài liệu tham khảo tr. 587 - 593; Khái quát chung về môi trường, nhu cầu và đặc trưng bản sắc văn hóa ẩm thực của người Êđê M'dhur
Enregistré dans:
| Auteur principal: | |
|---|---|
| Autres auteurs: | |
| Format: | Livre |
| Langue: | Undetermined |
| Publié: |
H.
Mỹ thuật
2017
|
| Sujets: | |
| Accès en ligne: | http://lrc.tdmu.edu.vn/opac/search/detail.asp?aID=2&ID=31413 |
| Tags: |
Ajouter un tag
Pas de tags, Soyez le premier à ajouter un tag!
|
| Thư viện lưu trữ: | Trung tâm Học liệu Trường Đại học Thủ Dầu Một |
|---|
| LEADER | 01078nam a2200229Ia 4500 | ||
|---|---|---|---|
| 001 | TDMU_31413 | ||
| 008 | 210410s9999 xx 000 0 und d | ||
| 082 | |a 352.301 | ||
| 090 | |b NG527 | ||
| 100 | |a Nguyễn, Thị Hòa | ||
| 245 | 0 | |a Văn hóa ẩm thực của người Êđê M'dhur ở Việt Nam | |
| 245 | 0 | |c Nguyễn Thị Hòa | |
| 245 | 0 | |n Quyển 2 | |
| 260 | |a H. | ||
| 260 | |b Mỹ thuật | ||
| 260 | |c 2017 | ||
| 300 | |a 598 tr. | ||
| 520 | |a TM tài liệu tham khảo tr. 587 - 593; Khái quát chung về môi trường, nhu cầu và đặc trưng bản sắc văn hóa ẩm thực của người Êđê M'dhur | ||
| 650 | |a Văn hóa ẩm thực |x Dân tộc Êđê M'dhur |z Việt Nam; Ẩm thực |z Việt Nam; Dân tộc Êđê M'dhur |x Văn hóa |x Ẩm thực | ||
| 700 | |a Hội Văn nghệ dân gian Việt Nam | ||
| 856 | |u http://lrc.tdmu.edu.vn/opac/search/detail.asp?aID=2&ID=31413 | ||
| 980 | |a Trung tâm Học liệu Trường Đại học Thủ Dầu Một | ||